MARC details
| 000 -CABECERA |
| campo de control de longitud fija |
03489nam a2200409 a 4500 |
| 001 - NÚMERO DE CONTROL |
| campo de control |
dia_1483 |
| 003 - IDENTIFICADOR DEL NÚMERO DE CONTROL |
| campo de control |
CHAP |
| 005 - FECHA Y HORA DE LA ÚLTIMA TRANSACCIÓN |
| campo de control |
20250623141736.0 |
| 007 - CAMPO FIJO DE DESCRIPCIÓN FÍSICA--INFORMACIÓN GENERAL |
| campo de control de longitud fija |
ta |
| 008 - DATOS DE LONGITUD FIJA--INFORMACIÓN GENERAL |
| campo de control de longitud fija |
220117s1994 mx ad fr 001 0 spa d |
| 010 ## - NÚMERO DE CONTROL DE LA BIBLIOTECA DEL CONGRESO |
| Número de control de LC |
172024 |
| 020 ## - NÚMERO INTERNACIONAL ESTÁNDAR DEL LIBRO |
| Número Internacional Estándar del Libro |
968-26-1246-2 |
| 040 ## - FUENTE DE LA CATALOGACIÓN |
| Centro/agencia transcriptor |
CHAP |
| Centro catalogador/agencia de origen |
mxchpua |
| 041 ## - CÓDIGO DE LENGUA |
| Código de lengua del texto/banda sonora o título independiente |
spa |
| Código de lengua del sumario o resumen |
spa |
| Código de lengua de la tabla de contenido |
spa |
| Código de lengua original |
eng |
| 050 ## - SIGNATURA TOPOGRÁFICA DE LA BIBLIOTECA DEL CONGRESO |
| Número de clasificación |
TJ265 |
| Número de documento/Ítem |
.H83 1994 |
| 082 ## - NÚMERO DE LA CLASIFICACIÓN DECIMAL DEWEY |
| Número de edición |
20 |
| Número de clasificación |
621.01 |
| Número de documento/Ítem |
H83 1994 |
| 100 1# - ENTRADA PRINCIPAL--NOMBRE DE PERSONA |
| Nombre de persona |
Huang, Francis F. |
| 9 (RLIN) |
56577 |
| Término indicativo de función/relación |
autor |
| 240 10 - TÍTULO UNIFORME |
| Título uniforme |
Engineering thermodynamics: fundamentals and applications. |
| Lenguaje de la obra |
Español |
| 245 10 - MENCIÓN DE TÍTULO |
| Título |
Ingeniería termodinámica : |
| Resto del título |
fundamentos y aplicaciones / |
| Mención de responsabilidad, etc. |
Francis F. Huang ; traductor Jaime B. Cervantes de Gortari |
| 250 ## - MENCIÓN DE EDICIÓN |
| Mención de edición |
2a edición |
| 264 ## - PRODUCCIÓN, PUBLICACIÓN, DISTRIBUCIÓN, FABRICACIÓN Y COPYRIGHT |
| Producción, publicación, distribución, fabricación y copyright |
México : |
| Nombre del de productor, editor, distribuidor, fabricante |
CECSA, |
| Fecha de producción, publicación, distribución, fabricación o copyright |
1994 |
| 300 ## - DESCRIPCIÓN FÍSICA |
| Extensión |
xxix, 864 páginas : |
| Otras características físicas |
ilustraciones, tablas, gráficas |
| 336 ## - TIPO DE CONTENIDO |
| Término de tipo de contenido |
texto |
| Código de tipo de contenido |
txt |
| Fuente |
rdacontent |
| 337 ## - TIPO DE MEDIO |
| Nombre/término del tipo de medio |
sin medio |
| Código del tipo de medio |
n |
| Fuente |
rdamedia |
| 338 ## - TIPO DE SOPORTE |
| Nombre/término del tipo de soporte |
volumen |
| Código del tipo de soporte |
nc |
| Fuente |
rdacarrier |
| 500 ## - NOTA GENERAL |
| Nota general |
Ej. 5: dia_5047 (perdido). |
| 504 ## - NOTA DE BIBLIOGRAFÍA, ETC. |
| Nota de bibliografía, etc. |
Bibliografía: 761-763 |
| 505 0# - NOTA DE CONTENIDO CON FORMATO |
| Nota de contenido con formato |
I. Fundamentos --<br/>1. Conceptos básicos y definiciones --<br/>2. La energía y la primera ley de la termodinámica --<br/>3. La entropía y la segunda ley de la termodinámica --<br/>4. Ecuaciones de estado en forma gráfica y tabular para una sustancia pura --<br/>5. Comportamiento y propiedades termodinámicas de los gases ideales --<br/>6. Algunas consecuencias de la segunda ley de la termodinámica con una introducción a los sistemas de componentes multiples --<br/>II. Aplicaciones --<br/>7. Análisis de ingeniería de procesos para sistemas cerrados --<br/>8. Análisis de ingeniería de procesos para sistemas abiertos --<br/>9. La termodinámica de fluidos con flujo unidimensional permanente --<br/>10. Disponibilidad, irreversabilidad y análisis energético de procesos --<br/>11. Sistemas para la generación de energía, ciclo combinado y cogeneración --<br/>12. Sistemas de refrigeración y bombas de calor --<br/>13. Termodinámica de la sustancia simple compresible --<br/>14. Termodinámica de mezclas no reactivas de gases y vapores --<br/>15. Reacciones químicas y mezclas reactivas --<br/>16. Diseño de sistemas que incluyan depósitos de calor, de trabajo y de materia --<br/>Bibliografía |
| 520 2# - SUMARIO, ETC. |
| Sumario, etc. |
En esta nueva edición el estudiante encuentra los conceptos básicos y las definiciones de manera coherente. Se le exponen los diferentes sistemas de Ingeniería con el objeto de ilustrar la termodinámica y las diferentes clases de herramientas utilizadas en el diseño de tales sistemas. Se muestra al lector la estructura básica de esta ciencia que es relativamente simple.<br/> Incluye el tema de disponibilidad, irreversibilidad y análisis de disponibilidad; se adapta el sistema internacional (SI) de unidades; sin embargo, existen ejemplos tambien del sistema inglés. Se han incrementado sustancialmente la cantidad de problemas al final de cada capítulo. Se han adicionado muchos problemas para los cuales se recomienda el uso de la computadora. Se han agregado datos de propiedades en el sistema internacional de unidades. <br/>El conjunto de todos estos cambios y adiciones deberán hacer de esta nueva edición un texto más eficiente y actualizado en beneficio del estudiante. |
| 650 13 - PUNTO DE ACCESO ADICIONAL DE MATERIA--TÉRMINO DE MATERIA |
| Término de materia o nombre geográfico como elemento de entrada |
Termodinámica |
| 9 (RLIN) |
112366 |
| Fuente del encabezamiento o término |
atg |
| 650 13 - PUNTO DE ACCESO ADICIONAL DE MATERIA--TÉRMINO DE MATERIA |
| Término de materia o nombre geográfico como elemento de entrada |
Thermodynamics |
| 9 (RLIN) |
150835 |
| Fuente del encabezamiento o término |
atg |
| 700 1# - PUNTO DE ACCESO ADICIONAL--NOMBRE DE PERSONA |
| Nombre de persona |
Cervantes de Gortari, Jaime B. |
| 9 (RLIN) |
150849 |
| Término indicativo de función/relación |
traductor |
| 942 ## - ELEMENTOS DE PUNTO DE ACCESO ADICIONAL (KOHA) |
| Tipo de ítem Koha |
Libro |
| Fuente del sistema de clasificación o colocación |
Dewey Decimal Classification |
| 901 ## - ELEMENTOS DE DATOS A LOCAL LDA (RLIN) |
| a |
621.01 H83 1994 |
| 902 ## - ELEMENTOS DE DATOS B LOCAL, LDB (RLIN) |
| a |
M |
| 905 ## - ELEMENTOS DE DATOS E LOCAL, LDE (RLIN) |
| a |
5232271994 MX a 8232223322SPA16 |